000 01972cam a2200421 a 4500
999 _c3236
_d3236
001 16740418
003 GZU
005 20201123122804.0
008 110418s2011 enkb b 001 0 eng
010 _a 2011381108
015 _aGBB076353
_2bnb
015 _aGBB071010
_2bnb
016 7 _a015584503
_2Uk
016 7 _a015573008
_2Uk
020 _a9781848134560 (paper)
035 _a(OCoLC)ocn714143170
040 _aUKM
_cSTF
_dPIT
_dVT2
_dDLC
042 _alccopycat
043 _af------
050 0 0 _aHQ792
_bHAS 2011
100 1 _aHashim, Iman.
245 1 0 _aChild migration in Africa /
_cIman Hashim and Dorte Thorsen.
260 _aLondon ;
_aNew York :
_bZed Books ;
_aUppsala, Sweden :
_bIn association with the Nordic Africa Institute,
_c2011.
300 _ax, 150 p. :
_bmaps ;
_c24 cm.
490 1 _aAfrica now
500 _a"First published in association with the Nordic Africa Institute, Uppsala, Sweden in 2011" -- T.p. verso.
504 _aIncludes bibliographical references (p. 132-144) and index.
520 _aChild Migration in Africa explores the mobility of children without their parents within West Africa. Drawing on the experiences of children from rural Burkina Faso and Ghana, the book provides rich material on the circumstances of children's voluntary migration and their experiences of it. Part of the groundbreaking Africa Now series, Child Migration in Africa is an important and timely contribution to an under-researched area.
650 0 _aUnaccompanied immigrant children
_zAfrica, West.
650 0 _aChildren
_zAfrica, West
_xSocial conditions.
700 1 _aThorsen, Dorte.
710 2 _aNordiska Afrikainstitutet.
830 0 _aAfrica now (Zed Books)
856 4 1 _3Table of contents only
_uhttp://www.loc.gov/catdir/toc/fy12pdf01/2011381108.html
906 _a7
_bcbc
_ccopycat
_d2
_encip
_f20
_gy-gencatlg
942 _2lcc
_cBK
_h792
_iHAS
_kHQ